000 00787nam a2200277Ia 4500
001 D1467
003 IT-RoPAU
008 130308s9999 xx 000 0 und d
040 _aIT-RoPAU
040 _cIT-RoPAU
041 _aITALIANO
100 _aMarchisio Oscar
100 _gCodice Aut. SPICS: 43814
245 _aCittà virtuale e i cittadini reali (La)
245 _bCibernauti. Tecnologia, Comunicazione, Democrazia-4-Posturbania: la Citta' Virtuale
250 _a1a ed.
260 _aROMA
260 _bCastelvecchi
260 _c1995 [1° Ed.:1995 - Ed.Ling.Originale:1995]
300 _a"8 p. (prefazione: no ; testo: 8 [pagine: 7-14])"
650 _aSAGGI DI INFORMATICA
650 _eCodice materia Spics: 4207
942 _cBK
957 _71
999 _c81379
_d81379
999 _g1